| 000 | 02042nam a2200397 4500 | ||
|---|---|---|---|
| 003 | EC-UNACH | ||
| 005 | 20250512164645.0 | ||
| 006 | s||||gr|||| 00| 00 | ||
| 008 | 150116t9999 mx r gr 000 0 spa d | ||
| 020 | _a10121498 | ||
| 040 |
_aEC-UNACH _cEC-UNACH |
||
| 041 | _aspa | ||
| 082 | 0 | 4 |
_223 _a300 _bL017728 |
| 110 | _aCentro Andino de Acción Popular (CAAP) | ||
| 245 | _aEcuador Debate N°74. Clases Medias | ||
| 250 | _aPrimera edición | ||
| 264 |
_aQuito - Ecuador _bCAAP _c2008 |
||
| 300 |
_a228 páginas _bTablas, Cuadros _c14,5 X 21 cm |
||
| 505 | _aCOYUNTURA.- Diálogo sobre la Coyuntura: Nueva Constitución y modelo político. Conflictividad socio-política: Marzo-Junio 2008. -- TEMA CENTRAL.- Notas sobre las clases medias ecuatorianas. De la vulnerabilidad social al riesgo de empobrecimiento: sectores medios y transformaciones sociales en América Latina. Las clases medias en la estructura social. Apuntes para la discusión. ¿Quiénes pertenecen a la clase media en Chile? Una aproximación metodológica. Educación y formación de las clases medias. -- DEBATE AGRARIO.-Cartografías de poder. Globalización y campesinos en la obra de William Roseberry. – ANÁLISIS.- El mito de la inestabilidad: estabilidad política y crecimiento económico en Ecuador. El trabajo al final del siglo XX. Crónica de un divorcio anunciado: Pachakutik y la Minga Intercultural en Otavalo. – RESEÑA.- The globalizers. Development workers in action. | ||
| 650 | _aMODELO POLÍTICO | ||
| 650 | _aMINGA INTERCULTURAL | ||
| 650 | _aCARTOGRAFÍAS DE PODER | ||
| 650 | _aMITO DE LA INESTABILIDAD | ||
| 650 | _aDEVELOPMENT WORKERS | ||
| 700 | _aIbarra, Hernán | ||
| 700 | _aMora Salas, Minor | ||
| 700 | _aCañete, María Fernanda | ||
| 700 | _aBarozet, Emmanuelle | ||
| 700 | _aEspinoza, Vicente | ||
| 942 |
_2ddc _c1 |
||
| 999 | _c13505 | ||